У истока (Запись № 13133055)

Подробности
000 -МАРКЕР
контрольное поле 02174nam0a2200409 4500
001 - ИДЕНТИФИКАТОР ЗАПИСИ
контрольное поле RU\NLR\BIBL_A\022231630
005 - ИДЕНТИФИКАТОР ВЕРСИИ
контрольное поле 20250625165356.0
010 ## - МЕЖДУНАРОДНЫЙ СТАНДАРТНЫЙ НОМЕР КНИГИ (ISBN)
Номер (ISBN) 978-5-6050346-0-5
Тираж 1000
035 ## - ДРУГИЕ СИСТЕМНЫЕ НОМЕРА
Идентификатор записи (NLR Aleph) 022231630
100 ## - ДАННЫЕ ОБЩЕЙ ОБРАБОТКИ
Данные общей обработки 20240523d2024 |||y0rusy50 ca
101 0# - ЯЗЫК РЕСУРСА
Язык текста, звукозаписи и т.д. русский
-- гиляцкий, нивхский
-- английский
102 ## - СТРАНА ПУБЛИКАЦИИ ИЛИ ПРОИЗВОДСТВА
Страна публикации российская федерация
105 ## - ПОЛЕ КОДИРОВАННЫХ ДАННЫХ: ТЕКСТОВЫЕ МАТЕРИАЛЫ, МОНОГРАФИЧЕСКИЕ
Кодированные данные о монографическом текстовом документе a|||z|||000ay
181 #0 - ПОЛЕ КОДИРОВАННЫХ ДАННЫХ: ВИД СОДЕРЖАНИЯ
Код вида содержания (ISBD) i2
Код характеристики содержания (ISBD) axxe
181 #0 - ПОЛЕ КОДИРОВАННЫХ ДАННЫХ: ВИД СОДЕРЖАНИЯ
Код вида содержания (ISBD) b2
Код характеристики содержания (ISBD) xb2e
182 #0 - ПОЛЕ КОДИРОВАННЫХ ДАННЫХ: ТИП СРЕДСТВА
Код типа средства (ISBD) n - непосредственное
200 1# - ЗАГЛАВИЕ И СВЕДЕНИЯ ОБ ОТВЕТСТВЕННОСТИ
Основное заглавие У истока
Параллельное заглавие Тыми
-- At the source
Сведения, относящиеся к заглавию [рассказ]
Первые сведения об ответственности Владимир Санги
Последующие сведения об ответственности [художник: Вероника Владимировна Осипова]
-- Ногликская центральная модельная библиотека им. В. М. Санги, [Информационно-культурный просветительский центр "Доминанта"]
Язык параллельного заглавия гиляцкий, нивхский
-- английский
203 ## - ВИД СОДЕРЖАНИЯ И ТИП СРЕДСТВА
Вид содержания Текст
-- Изображение
Дополнительные сведения об издании визуальные
Тип средства непосредственные
210 ## - ПУБЛИКАЦИЯ, РАСПРОСТРАНЕНИЕ И ДР.
Место издания, распространения и т.д. Южно-Сахалинск
Имя издателя, распространителя и т. д. Сахалин - Приамурские ведомости
Дата издания, распространения и т.д. 2024
215 ## - ФИЗИЧЕСКАЯ ХАРАКТЕРИСТИКА
Специфическое обозначение материала и объем 51 с.
Другие сведения о физической характеристике цв. ил.
Размеры 25
225 1# - СЕРИЯ
Основное заглавие серии Песня вождя
Параллельное заглавие серии Пилаӈ лу
Язык параллельного заглавия гиляцкий, нивхский
300 ## - ОБЩИЕ ПРИМЕЧАНИЯ
Текст примечания Текст парал. рус., нивх., англ.
510 1# - ПАРАЛЛЕЛЬНОЕ ЗАГЛАВИЕ
Связь между полями z73790
Параллельное заглавие Тыми
Язык заглавия гиляцкий, нивхский
510 1# - ПАРАЛЛЕЛЬНОЕ ЗАГЛАВИЕ
Связь между полями z92790
Параллельное заглавие At the source
Язык заглавия английский
686 1# - ИНДЕКСЫ ДРУГИХ КЛАССИФИКАЦИЙ
Индекс Ш6(2=Ни)7-4
700 #1 - ИМЯ ЛИЦА - ПЕРВИЧНАЯ ОТВЕТСТВЕННОСТЬ
Графика поля Кириллица
Материалы, к которым относится поле rus
Начальный элемент ввода Санги
Часть имени, кроме начального элемента ввода В. М.
Даты 1935-
Расширение инициалов личного имени Владимир Михайлович
Системный номер авторитетной/нормативной записи 130462
Идентификатор авторитетной/нормативной записи RU\NLR\auth-onl\77406
702 #1 - ИМЯ ЛИЦА - ВТОРИЧНАЯ ОТВЕТСТВЕННОСТЬ
Код отношения Карикатурист, Художник
Графика поля Кириллица
Материалы, к которым относится поле rus
Начальный элемент ввода Осипова
Часть имени, кроме начального элемента ввода В. В.
Дополнения к именам, кроме дат художник
Даты 1966-
Расширение инициалов личного имени Вероника Владимировна
Системный номер авторитетной/нормативной записи 211196
Идентификатор авторитетной/нормативной записи RU\NLR\AUTH\770211252
790 #1 - ИМЯ ЛИЦА - АЛЬТЕРНАТИВНАЯ ФОРМА
Графика поля Кириллица
Материалы, к которым относится поле rus
Начальный элемент ввода Санги
Часть имени, кроме начального элемента ввода В. М.
Даты 1935-
Расширение инициалов личного имени Владимир Михайлович
Системный номер авторитетной/нормативной записи 130462
Идентификатор авторитетной/нормативной записи RU\NLR\auth-onl\77406
790 #1 - ИМЯ ЛИЦА - АЛЬТЕРНАТИВНАЯ ФОРМА
Связь между полями z92510
Начальный элемент ввода Sangi
Часть имени, кроме начального элемента ввода V. M.
Даты 1935-
Расширение инициалов личного имени Vladimir Michajlovič
852 ## - МЕСТОНАХОЖДЕНИЕ И ШИФР ХРАНЕНИЯ
Идентификатор организации NLR
Наименование фонда или коллекции (Sub-Location Identifier) ОНЛ
Шифр хранения (Call Number) Нивх./4-16
942 ## - ДОПОЛНИТЕЛЬНЫЕ ЭЛЕМЕНТЫ ЗАПИСИ (АБИС)
Тип экземпляра АБИС Книга
980 ## - КОЛЛЕКЦИЯ
Название коллекции Национальная библиография
Экземпляры
Тип экземпляра Дата поступления Источник поступления Библиотека постоянного хранения Библиотека текущего хранения Место хранения Шифр хранения Штрих-код Статус не для выдачи
Книга 23.05.2024 Обязательный экземпляр РНБ (Московский) РНБ (Московский) Фонд национальных литератур ОНЛ Нивх./4-16 1-4598497  
Книга 23.05.2024 Обязательный экземпляр РНБ (Московский) РНБ (Московский) Обменный фонд   1-4598496